Catalogue of the celebrated collection of works of art, from the Byzantine period to that of Louis Seize (Record no. 113929)
[ view plain ]
| 000 -LEADER | |
|---|---|
| fixed length control field | 00848cam a22001935a 4500 |
| 001 - CONTROL NUMBER | |
| control field | L155938 |
| 008 - FIXED-LENGTH DATA ELEMENTS--GENERAL INFORMATION | |
| fixed length control field | 120423s1855 xxk f 000 0 eng d |
| 035 ## - SYSTEM CONTROL NUMBER | |
| System control number | (Sirsi) u155938 |
| 041 0# - LANGUAGE CODE | |
| Language code of text/sound track or separate title | eng |
| 100 1# - MAIN ENTRY--PERSONAL NAME | |
| Personal name | Bernal, Ralph |
| Dates associated with a name | d. 1854 |
| 245 00 - TITLE STATEMENT | |
| Title | Catalogue of the celebrated collection of works of art, from the Byzantine period to that of Louis Seize |
| Remainder of title | of that distinguished collector, Ralph Bernal ... |
| Statement of responsibility, etc. | which by order of the executors will be sold by auction, by Messrs. Christie and Manson ... on Monday, March the 5th, 1855, at one o'clock precisely |
| 260 ## - PUBLICATION, DISTRIBUTION, ETC. | |
| Place of publication, distribution, etc. | [London |
| Name of publisher, distributor, etc. | Printed by W. Clowes and sons |
| Date of publication, distribution, etc. | 1855] |
| 300 ## - PHYSICAL DESCRIPTION | |
| Extent | 357, [1] p. |
| Other physical details | front., plates |
| Dimensions | 25 cm. |
| 583 ## - ACTION NOTE | |
| Action | Condition reviewed |
| Time/date of action | 20120620 |
| Status | condition level 2 |
| 651 #4 - SUBJECT ADDED ENTRY--GEOGRAPHIC NAME | |
| Geographic name | Great Britain |
| Chronological subdivision | 1707- |
| 690 ## - LOCAL SUBJECT ADDED ENTRY--TOPICAL TERM (OCLC, RLIN) | |
| Topical term or geographic name as entry element | Auctioneering |
| 9 (RLIN) | 6218 |
| 710 1# - ADDED ENTRY--CORPORATE NAME | |
| Corporate name or jurisdiction name as entry element | Christie and Manson |
| 942 ## - ADDED ENTRY ELEMENTS (KOHA) | |
| Suppress in OPAC | 0 |
| Withdrawn status | Lost status | Source of classification or shelving scheme | Damaged status | Not for loan | Home library | Current library | Shelving location | Date acquired | Total Checkouts | Full call number | Barcode | Date last seen | Copy number | Price effective from | Koha item type |
|---|---|---|---|---|---|---|---|---|---|---|---|---|---|---|---|
| Dewey Decimal Classification | Historic collection | Historic collection | Historic collection | 23/04/2012 | OCTAVO 1855 CHRISTIE | 30076799 | 06/08/2019 | 1 | 06/08/2019 | Book |